| 000 | 00849nam a2200121Ia 4500 | ||
|---|---|---|---|
| 008 | 220615s9999||||xx |||||||||||||| ||und|| | ||
| 245 | 0 |
_aCatholic Peacebuilding and Mining _bIntegral Peace, Development, and Ecology |
|
| 546 | _aEnglish[eng] | ||
| 650 | _aCaesar A. Montevecchio||Catholic||Catholic Church||Catholic Peacebuilding and the Mining Industry||Catholic Studies||Church||Colombia||conflict||Democratic Republic of the Congo||development||El Salvador||ecclesiological||environmental justice||ethics||Gerard Powers||governance||harmful||human rights||industry||institution||mining||Peru||Philippines||peace||peacebuilding||Religion||Religious Studies||sustainable||Theology||unethical | ||
| 700 | _aMontevecchio, Caesar A.||Powers, Gerard F. | ||
| 856 | _uhttps://library.oapen.org/bitstream/20.500.12657/52579/1/9781000529142.pdf | ||
| 942 | _cEB | ||
| 999 |
_c7683 _d7683 |
||